[Event "12. Int. Neckar-Open A-Open"]
[Site "Deizisau, Germany"]
[Date "2008.03.21"]
[Round "3.3"]
[White "Karner, Christoph"]
[Black "Chatalbashev, Boris"]
[Result "1/2-1/2"]
[WhiteElo "2356"]
[BlackElo "2585"]
[PlyCount "84"]
[EventDate "2008.??.??"]
[SourceDate "2008.03.21"]

1. d4 g6 2. c4 Bg7 3. Nf3 c5 4. d5 d6 5. e4 e6 6. h3 Nf6 7. Nc3 O-O 8. Bd3 Na6
9. O-O Nc7 10. Re1 Rb8 11. Bf1 a6 12. a4 e5 13. a5 Nd7 14. Nh2 b5 15. axb6 Nxb6
16. Ra3 Nd7 17. g4 Nf6 18. Qc2 Kh8 19. Bg5 h6 20. Bd2 Nh7 21. Qc1 f5 22. exf5
gxf5 23. Bxh6 Bxh6 24. Qxh6 Rxb2 25. Nd1 Rb4 26. Ne3 Rf6 27. Qh5 Qg8 28. Bd3 e4
29. Bf1 Rb2 30. Bg2 Ne8 31. Nxf5 Bxf5 32. gxf5 Ng7 33. Qd1 Nxf5 34. Re2 Rxe2
35. Qxe2 Ng5 36. Ng4 Nd4 37. Qb2 Ngf3+ 38. Kf1 Rf8 39. Rxa6 Rb8 40. Rb6 Rxb6
41. Qxb6 Nd2+ 42. Kg1 Qf8 1/2-1/2

[Event "12. Int. Neckar-Open A-Open"]
[Site "Deizisau, Germany"]
[Date "2008.03.21"]
[Round "3.4"]
[White "Erdos, Viktor"]
[Black "Thinius, Marco"]
[Result "1-0"]
[WhiteElo "2575"]
[BlackElo "2335"]
[PlyCount "79"]
[EventDate "2008.??.??"]
[SourceDate "2008.03.21"]

1. d4 b6 2. e4 Bb7 3. Bd3 Nf6 4. Nd2 e6 5. Ngf3 c5 6. c3 Be7 7. O-O d5 8. e5
Nfd7 9. Re1 Ba6 10. Bb1 Nc6 11. Nf1 Bxf1 12. Rxf1 b5 13. Be3 Qb6 14. Bc2 a5 15.
Rc1 a4 16. h4 h6 17. h5 Qa6 18. Ne1 b4 19. a3 bxc3 20. bxc3 Nb6 21. Qg4 Bf8 22.
Nd3 cxd4 23. cxd4 Nc4 24. Nf4 Ne7 25. Bd3 Rc8 26. Qe2 Rc6 27. Rc3 Nc8 28. Bxc4
dxc4 29. Qg4 Nb6 30. Rb1 Qc8 31. Kh2 Rg8 32. Rxb6 Rxb6 33. d5 Rb3 34. dxe6 fxe6
35. Qg6+ Ke7 36. Rc1 Rxe3 37. fxe3 c3 38. Qh7 Kf7 39. Rf1 Qc4 40. Nd3+ 1-0

[Event "12. Int. Neckar-Open A-Open"]
[Site "Deizisau, Germany"]
[Date "2008.03.21"]
[Round "3.5"]
[White "Pajeken, Wolfgang"]
[Black "Peralta, Fernando"]
[Result "0-1"]
[WhiteElo "2351"]
[BlackElo "2551"]
[PlyCount "70"]
[EventDate "2008.??.??"]
[SourceDate "2008.03.21"]

1. d4 d5 2. c4 c6 3. Nf3 Nf6 4. Nc3 dxc4 5. e4 b5 6. e5 Nd5 7. a4 e6 8. g3 Be7
9. Bg2 b4 10. Ne4 O-O 11. O-O Ba6 12. Re1 Nd7 13. Bg5 c5 14. dxc5 Rc8 15. Qd4
Nxc5 16. Nxc5 Bxc5 17. Qg4 Qb6 18. Bf6 g6 19. Qh4 Rfe8 20. Re4 Bf8 21. Rg4 Nxf6
22. exf6 c3 23. bxc3 bxc3 24. Rxg6+ fxg6 25. f7+ Kg7 26. fxe8=Q Rxe8 27. Ng5 h6
28. a5 Qb2 29. Re1 hxg5 30. Qd4+ Kg8 31. Qf6 Bd3 32. Bf1 Bg7 33. Qxg5 Qd2 34.
Re3 Qc1 35. Rxd3 Qxg5 0-1

[Event "12. Int. Neckar-Open A-Open"]
[Site "Deizisau, Germany"]
[Date "2008.03.21"]
[Round "3.6"]
[White "Manakov, Ilya"]
[Black "Naumann, Alexander"]
[Result "1/2-1/2"]
[WhiteElo "2334"]
[BlackElo "2541"]
[PlyCount "44"]
[EventDate "2008.??.??"]
[SourceDate "2008.03.21"]

1. d4 d5 2. Bg5 c6 3. Nc3 Qb6 4. Rb1 Bf5 5. f3 e6 6. e4 Bg6 7. Nh3 h6 8. Bh4
Be7 9. Bf2 Nf6 10. Bd3 Bh7 11. O-O Nbd7 12. b4 Qc7 13. Bg3 Qb6 14. Bf2 Qc7 15.
e5 Bxd3 16. Qxd3 Ng8 17. Nd1 Nb6 18. Ne3 h5 19. Bg3 h4 20. Be1 Nh6 21. Bd2
O-O-O 22. c3 Kb8 1/2-1/2

[Event "12. Int. Neckar-Open A-Open"]
[Site "Deizisau, Germany"]
[Date "2008.03.21"]
[Round "3.7"]
[White "Ruijgrok, Dennis"]
[Black "Dgebuadze, Alexandre"]
[Result "0-1"]
[WhiteElo "2329"]
[BlackElo "2512"]
[PlyCount "60"]
[EventDate "2008.??.??"]
[SourceDate "2008.03.21"]

1. e4 e6 2. d4 d5 3. Nd2 Nf6 4. e5 Nfd7 5. Bd3 c5 6. c3 Nc6 7. Ne2 Qb6 8. O-O
cxd4 9. cxd4 g6 10. Nf3 Bg7 11. a3 O-O 12. b4 f6 13. exf6 Nxf6 14. b5 Nd8 15.
Bf4 Nf7 16. Rc1 Qd8 17. Ng3 Bd7 18. Qd2 Qe7 19. Rc7 Ne8 20. Rc5 Bxd4 21. Nxd4
Qxc5 22. Nf3 Rc8 23. Qe2 Qxa3 24. Ne5 Nxe5 25. Bxe5 Rc1 26. h4 Rxf1+ 27. Nxf1
Nf6 28. Ne3 Qc1+ 29. Kh2 Qc5 30. f4 Qxe3 0-1

[Event "12. Int. Neckar-Open A-Open"]
[Site "Deizisau, Germany"]
[Date "2008.03.21"]
[Round "3.8"]
[White "Chernov, Vadim"]
[Black "Berry, Neil"]
[Result "1-0"]
[WhiteElo "2505"]
[BlackElo "2319"]
[PlyCount "77"]
[EventDate "2008.??.??"]
[SourceDate "2008.03.21"]

1. e4 e5 2. Nf3 Nc6 3. Bb5 a6 4. Bxc6 dxc6 5. O-O f6 6. d4 Bg4 7. c3 Bd6 8.
Nbd2 Nh6 9. Qb3 b6 10. h3 Bd7 11. Nc4 Nf7 12. Be3 Be6 13. Nxd6+ Qxd6 14. Qc2
O-O 15. Rfd1 Qe7 16. Rd2 Rad8 17. Qa4 exd4 18. Rxd4 c5 19. Rxd8 Rxd8 20. Qxa6
Nd6 21. e5 fxe5 22. Bg5 Qe8 23. Bxd8 Qxd8 24. Nxe5 h5 25. Qe2 Qg5 26. Nf3 Qg6
27. Kh2 Bd5 28. Rd1 Bxa2 29. Ne5 Qf5 30. Qe3 Be6 31. Nf3 Qg6 32. Qg5 Qxg5 33.
Nxg5 Bc4 34. Re1 Kf8 35. g4 hxg4 36. hxg4 Bd5 37. Kg3 Nc4 38. Re2 Nd6 39. f4
1-0

[Event "12. Int. Neckar-Open A-Open"]
[Site "Deizisau, Germany"]
[Date "2008.03.21"]
[Round "3.9"]
[White "Hirneise, Tobias"]
[Black "Bindrich, Falko"]
[Result "1/2-1/2"]
[WhiteElo "2324"]
[BlackElo "2497"]
[PlyCount "62"]
[SourceDate "2008.03.21"]

1. e4 e5 2. Nf3 Nc6 3. Bb5 a6 4. Ba4 Nf6 5. O-O Be7 6. Re1 b5 7. Bb3 d6 8. c3
O-O 9. h3 Nb8 10. d4 Nbd7 11. Nbd2 Bb7 12. Bc2 Re8 13. Nf1 Bf8 14. Ng3 g6 15.
a4 Bg7 16. Bd3 c6 17. Bg5 Nf8 18. Qc2 Ne6 19. Be3 Nd7 20. Rad1 Qc7 21. b4 Nb6
22. dxe5 dxe5 23. a5 Nd7 24. c4 Rac8 25. c5 Ndf8 26. Qc1 Nf4 27. Bb1 N8e6 28.
Rd6 Rcd8 29. Red1 Bf8 30. Rxd8 Nxd8 31. Qb2 Bg7 1/2-1/2

[Event "12. Int. Neckar-Open A-Open"]
[Site "Deizisau, Germany"]
[Date "2008.03.21"]
[Round "3.10"]
[White "Leon Hoyos, Manuel"]
[Black "Postojev, Alexander"]
[Result "1-0"]
[WhiteElo "2495"]
[BlackElo "2303"]
[PlyCount "49"]
[SourceDate "2008.03.21"]

1. e4 c5 2. Nc3 a6 3. g3 Nc6 4. Bg2 e6 5. f4 d6 6. Nf3 Be7 7. O-O Qc7 8. d4
cxd4 9. Nxd4 d5 10. Be3 dxe4 11. Nxc6 bxc6 12. Nxe4 Nf6 13. Nxf6+ Bxf6 14. Bc5
Bb7 15. f5 Qe5 16. b4 Rd8 17. Qf3 Kd7 18. fxe6+ fxe6 19. Rae1 Qb2 20. Bh3 Bd4+
21. Kh1 Bxc5 22. bxc5 Rhf8 23. Qxf8 Rxf8 24. Rxf8 Qxc2 25. Rxe6 1-0

[Event "12. Int. Neckar-Open A-Open"]
[Site "Deizisau, Germany"]
[Date "2008.03.21"]
[Round "3.11"]
[White "Genutis, Mindaugas"]
[Black "Farago, Ivan"]
[Result "0-1"]
[WhiteElo "2319"]
[BlackElo "2475"]
[PlyCount "86"]
[SourceDate "2008.03.21"]

1. d4 Nf6 2. c4 e6 3. g3 d5 4. Bg2 dxc4 5. Nf3 Nc6 6. Qa4 Bb4+ 7. Bd2 Bd6 8.
Qxc4 O-O 9. Nc3 e5 10. O-O exd4 11. Nxd4 Nxd4 12. Qxd4 Bxg3 13. Qxd8 Rxd8 14.
hxg3 Rxd2 15. Rfd1 Rxd1+ 16. Rxd1 Kf8 17. Rd8+ Ke7 18. Rh8 c6 19. Bh3 Ne8 20.
Bxc8 Rxc8 21. Rxh7 Rd8 22. Rh4 Rd2 23. Re4+ Kd7 24. b3 Nd6 25. Re3 b5 26. Rd3
Rxd3 27. exd3 b4 28. Ne2 Nb5 29. Kf1 Kd6 30. Ke1 Kd5 31. Kd2 g5 32. g4 Ke5 33.
Ke3 c5 34. f4+ gxf4+ 35. Nxf4 Nc3 36. Nh3 Nxa2 37. Ng5 Nc1 38. Nxf7+ Kf6 39.
Nd6 Nxb3 40. d4 cxd4+ 41. Kd3 Ke5 42. Nf7+ Kd5 43. g5 Nc5+ 0-1

[Event "12. Int. Neckar-Open A-Open"]
[Site "Deizisau, Germany"]
[Date "2008.03.21"]
[Round "3.12"]
[White "Zaragatski, Ilja"]
[Black "Tuncer, Ufuk"]
[Result "1/2-1/2"]
[WhiteElo "2469"]
[BlackElo "2301"]
[PlyCount "71"]
[SourceDate "2008.03.21"]

1. e4 c5 2. Nf3 d6 3. d4 cxd4 4. Nxd4 Nf6 5. Nc3 g6 6. Bc4 Bg7 7. O-O O-O 8.
Re1 a6 9. Bf1 b5 10. g3 Bb7 11. Bg2 e5 12. Nb3 Qc7 13. a4 b4 14. Nd5 Nxd5 15.
exd5 a5 16. Be3 Rc8 17. Rc1 Qd7 18. Nd2 Na6 19. b3 Nc5 20. f4 exf4 21. Bxf4 Ba6
22. Nf3 Re8 23. Bf1 Rxe1 24. Qxe1 Re8 25. Qd1 Qa7 26. Kg2 Bxf1+ 27. Qxf1 Ne4
28. Re1 Bc3 29. Re3 f5 30. Ng5 Qa8 31. Qb5 Rb8 32. Qd3 Nxg5 33. Bxg5 Be5 34.
Bf4 Bxf4 35. gxf4 Re8 36. Rxe8+ 1/2-1/2

[Event "12. Int. Neckar-Open A-Open"]
[Site "Deizisau, Germany"]
[Date "2008.03.21"]
[Round "3.14"]
[White "Rau, Hannes"]
[Black "Roobol, Martin"]
[Result "1/2-1/2"]
[WhiteElo "2428"]
[BlackElo "2288"]
[PlyCount "84"]
[SourceDate "2008.03.21"]

1. d4 g6 2. c4 Bg7 3. e4 d6 4. Nc3 e5 5. Nf3 Nc6 6. d5 Nce7 7. h4 h6 8. Bd3 Nf6
9. Bd2 c6 10. Qc2 cxd5 11. cxd5 a6 12. a4 O-O 13. g3 Ng4 14. Nh2 Nxh2 15. Rxh2
Bg4 16. Kf1 f5 17. Kg2 fxe4 18. Bxe4 Nf5 19. Be3 Nxe3+ 20. fxe3 Qb6 21. Re1 h5
22. Bxg6 Rf6 23. Be4 Raf8 24. Kg1 Bh6 25. Nd1 Qb4 26. Rd2 b5 27. axb5 Qxb5 28.
Bg2 Bf5 29. Be4 Qb4 30. Nc3 Qb6 31. Qd3 Bg4 32. Bg2 Bf5 33. Ne4 Rg6 34. Rf2 Qb4
35. Qc3 Qxc3 36. bxc3 Bxe4 37. Rxf8+ Kxf8 38. Bxe4 Rxg3+ 39. Kf2 Rg4 40. Bd3
Rxh4 41. Bxa6 Ra4 42. Bd3 Bg5 1/2-1/2

[Event "12. Int. Neckar-Open A-Open"]
[Site "Deizisau, Germany"]
[Date "2008.03.21"]
[Round "3.15"]
[White "Kuipers, Stefan"]
[Black "Pruijssers, Roeland"]
[Result "1/2-1/2"]
[WhiteElo "2302"]
[BlackElo "2420"]
[PlyCount "32"]
[SourceDate "2008.03.21"]

1. e4 e5 2. Nf3 Nc6 3. Bc4 Bc5 4. c3 Nf6 5. d3 d6 6. Nbd2 O-O 7. h3 a6 8. Bb3
Ba7 9. Nf1 Ne7 10. Bg5 Ng6 11. Qd2 h6 12. Be3 d5 13. Ng3 dxe4 14. dxe4 Qxd2+
15. Nxd2 Bxe3 16. fxe3 Be6 1/2-1/2

[Event "12. Int. Neckar-Open B-Open"]
[Site "Deizisau, Germany"]
[Date "2008.03.21"]
[Round "3.1"]
[White "Schlippe, Axel"]
[Black "Baron, Sven"]
[Result "1/2-1/2"]
[WhiteElo "1999"]
[BlackElo "1725"]
[PlyCount "62"]
[SourceDate "2008.03.21"]

1. Nf3 d5 2. d4 Nf6 3. c4 e6 4. Bg5 Be7 5. e3 Nbd7 6. Nc3 O-O 7. Qc2 a6 8. Rd1
dxc4 9. Bxc4 b5 10. Bd3 h6 11. Bh4 c5 12. dxc5 Bxc5 13. Bh7+ Kh8 14. Be4 Ra7
15. Ne5 Qb6 16. Nxd7 Nxd7 17. O-O Ne5 18. b3 Bb7 19. Qb2 Bxe4 20. Nxe4 Ng6 21.
Bg3 Be7 22. Bd6 Rd8 23. Bc5 Bxc5 24. Rxd8+ Qxd8 25. Nxc5 Qd5 26. b4 a5 27. e4
Qc4 28. a3 axb4 29. Qxb4 Qxb4 30. axb4 Ra2 31. Rb1 Ne5 1/2-1/2

[Event "12. Int. Neckar-Open B-Open"]
[Site "Deizisau, Germany"]
[Date "2008.03.21"]
[Round "3.2"]
[White "Lebeda, Lukas"]
[Black "Dieckmann, Daniel"]
[Result "0-1"]
[WhiteElo "1689"]
[BlackElo "1990"]
[PlyCount "52"]
[SourceDate "2008.03.21"]

1. c4 Nf6 2. d4 c6 3. Bg5 Ne4 4. Bh4 g5 5. Qd3 Qa5+ 6. Kd1 d5 7. cxd5 Bf5 8.
Kc1 Qe1+ 9. Qd1 Qxd1+ 10. Kxd1 gxh4 11. dxc6 Nxc6 12. Ke1 Nxd4 13. Na3 Bg7 14.
e3 Nc6 15. Nc4 O-O 16. Rc1 Rfd8 17. f3 Nd6 18. b3 Nb4 19. e4 Be6 20. Nh3 Nxc4
21. Bxc4 Nxa2 22. Rc2 Nb4 23. Rc1 Bxc4 24. Rxc4 Rac8 25. Ke2 Rxc4 26. bxc4 b6
0-1

[Event "12. Int. Neckar-Open B-Open"]
[Site "Deizisau, Germany"]
[Date "2008.03.21"]
[Round "3.3"]
[White "Hartlieb, Juergen"]
[Black "Bellahcene, Bilel"]
[Result "0-1"]
[WhiteElo "1952"]
[BlackElo "1648"]
[PlyCount "58"]
[SourceDate "2008.03.21"]

1. Nc3 c5 2. g3 d5 3. d3 d4 4. Nb1 Nf6 5. Bg2 Nc6 6. Nf3 e5 7. e4 Be7 8. O-O
O-O 9. a4 Qc7 10. Na3 a6 11. Nc4 Be6 12. Ne1 Nd7 13. f4 f6 14. Bd2 b5 15. axb5
axb5 16. Rxa8 Rxa8 17. Na3 c4 18. Nb1 Ra2 19. Qc1 Ra1 20. c3 Na5 21. cxd4 Nb3
22. Qc2 Rxb1 23. fxe5 Nxd2 24. Qxd2 Qb6 25. dxc4 Bxc4 26. exf6 Bxf6 27. Nf3
Bxf1 28. Bxf1 Ne5 29. Nxe5 Bxe5 0-1

[Event "12. Int. Neckar-Open A-Open"]
[Site "Deizisau, Germany"]
[Date "2008.03.22"]
[Round "4.2"]
[White "Schmittdiel, Eckhard"]
[Black "Graf, Alexander"]
[Result "1/2-1/2"]
[WhiteElo "2417"]
[BlackElo "2586"]
[PlyCount "78"]
[EventDate "2008.??.??"]

1. e4 c6 2. d4 d5 3. Nd2 dxe4 4. Nxe4 Bf5 5. Ng3 Bg6 6. Nf3 Nd7 7. Bd3 Ngf6 8.
O-O e6 9. c4 Bd6 10. b3 O-O 11. Bb2 Qa5 12. Re1 Rad8 13. Qc2 Rfe8 14. Bxg6 hxg6
15. Bc3 Bb4 16. Bxb4 Qxb4 17. Ne4 e5 18. a3 Qf8 19. dxe5 Nxe5 20. Nfg5 Nxe4 21.
Nxe4 Nd3 22. Re3 Nc5 23. b4 Nxe4 24. Rxe4 Rxe4 25. Qxe4 Re8 26. Qd4 c5 27. bxc5
Rd8 28. Qe3 Rc8 29. Rb1 Qxc5 30. Qxc5 Rxc5 31. Rxb7 Rxc4 32. g3 a5 33. Rb3 Kh7
34. Kg2 Kh6 35. h4 Ra4 36. f4 f6 37. Kh3 g5 38. hxg5+ fxg5 39. Kg4 gxf4 1/2-1/2

[Event "12. Int. Neckar-Open A-Open"]
[Site "Deizisau, Germany"]
[Date "2008.03.22"]
[Round "4.3"]
[White "Vocaturo, Daniele"]
[Black "Erdos, Viktor"]
[Result "0-1"]
[WhiteElo "2415"]
[BlackElo "2575"]
[PlyCount "62"]
[EventDate "2008.??.??"]

1. e4 c5 2. Nf3 e6 3. d4 cxd4 4. Nxd4 a6 5. Bd3 Ne7 6. O-O Nbc6 7. Nb3 g6 8.
Qe2 Bg7 9. c3 O-O 10. Bg5 h6 11. Bh4 f5 12. f4 Qc7 13. N1d2 b5 14. Rae1 Rf7 15.
exf5 gxf5 16. g4 Bb7 17. g5 Ng6 18. Bg3 hxg5 19. fxg5 Be5 20. Ne4 fxe4 21. Rxf7
Kxf7 22. Bxe4 Bxg3 23. Qh5 Bxh2+ 24. Kh1 Nce5 25. Qh7+ Ke8 26. Nc5 Qxc5 27.
Bxb7 Rb8 28. Be4 Kd8 29. Qxh2 Kc8 30. Rf1 Qe3 31. Rf8+ Kc7 0-1

[Event "12. Int. Neckar-Open A-Open"]
[Site "Deizisau, Germany"]
[Date "2008.03.22"]
[Round "4.4"]
[White "Peralta, Fernando"]
[Black "Heimann, Andreas"]
[Result "1/2-1/2"]
[WhiteElo "2551"]
[BlackElo "2403"]
[PlyCount "43"]
[EventDate "2008.??.??"]

1. Nf3 c5 2. c4 Nc6 3. Nc3 g6 4. e3 Nf6 5. d4 cxd4 6. exd4 d5 7. cxd5 Nxd5 8.
Qb3 Nxc3 9. Bc4 e6 10. bxc3 Bg7 11. Ba3 Bf8 12. O-O Na5 13. Bb5+ Bd7 14. Qa4
Bxa3 15. Bxd7+ Qxd7 16. Qxa3 Nc4 17. Qb4 Rc8 18. Rab1 b6 19. Ne5 Nxe5 20. dxe5
Qe7 21. Qa4+ Kf8 22. Rfd1 1/2-1/2

[Event "12. Int. Neckar-Open A-Open"]
[Site "Deizisau, Germany"]
[Date "2008.03.22"]
[Round "4.6"]
[White "Strohhäker, Raoul"]
[Black "Chernov, Vadim"]
[Result "1-0"]
[WhiteElo "2393"]
[BlackElo "2505"]
[PlyCount "95"]
[EventDate "2008.??.??"]

1. e4 c5 2. Nf3 e6 3. d4 cxd4 4. Nxd4 Nf6 5. Nc3 Nc6 6. Ndb5 Bb4 7. a3 Bxc3+ 8.
Nxc3 d5 9. Bd3 d4 10. Ne2 e5 11. h3 Nd7 12. Ng3 Nc5 13. O-O O-O 14. f4 f6 15.
fxe5 Nxe5 16. Bf4 Re8 17. Bxe5 fxe5 18. Qh5 g6 19. Qh6 Be6 20. Rf3 Nxd3 21. Nh5
gxh5 22. Rg3+ Bg4 23. cxd3 Kh8 24. hxg4 hxg4 25. Rxg4 Qe7 26. Rf1 Rf8 27. Rxf8+
Rxf8 28. Qg5 Qf6 29. Kh2 a5 30. b4 a4 31. b5 Qxg5 32. Rxg5 Re8 33. Kg3 Re6 34.
Kg4 h6 35. Kf5 Rb6 36. Rg6 Rxb5 37. Rxh6+ Kg7 38. Rd6 Rb3 39. Kxe5 Rxa3 40.
Rxd4 b5 41. Rd7+ Kg6 42. d4 Rb3 43. Ra7 a3 44. d5 Rd3 45. Ra6+ Kg5 46. d6 b4
47. Ke6 b3 48. Rxa3 1-0

[Event "12. Int. Neckar-Open A-Open"]
[Site "Deizisau, Germany"]
[Date "2008.03.22"]
[Round "4.7"]
[White "Lahaye, Rick"]
[Black "Leon Hoyos, Manuel"]
[Result "0-1"]
[WhiteElo "2377"]
[BlackElo "2495"]
[PlyCount "164"]
[EventDate "2008.??.??"]

1. d4 Nf6 2. Nf3 c5 3. e3 g6 4. Be2 Bg7 5. O-O O-O 6. c4 cxd4 7. exd4 d5 8. b3
Nc6 9. Bb2 Be6 10. Nbd2 Qc7 11. Re1 Rad8 12. Rc1 Bh6 13. c5 Ne4 14. a3 Bg4 15.
Rc2 Bf5 16. Nf1 Ng5 17. Bd3 Bg4 18. Be2 Bxf3 19. Bxf3 Bg7 20. Re3 e5 21. dxe5
d4 22. Re1 Nxe5 23. Be4 Rfe8 24. h4 d3 25. Rd2 Nxe4 26. Rxe4 Qxc5 27. Bxe5 Rxe5
28. Rxd3 Rxd3 29. Qxd3 Rxe4 30. Qxe4 Bd4 31. Ne3 Kg7 32. a4 a5 33. Qxb7 Bxe3
34. fxe3 Qxe3+ 35. Kh2 h5 36. Qd5 Qc3 37. g3 Qe1 38. Qd4+ Kh7 39. Qd5 Qf2+ 40.
Kh3 Qf1+ 41. Kh2 Qe2+ 42. Kg1 Qe3+ 43. Kg2 Qe2+ 44. Kg1 Qe3+ 45. Kg2 Qa7 46.
Kf3 Qc7 47. Ke4 Kg8 48. Kf3 Qc3+ 49. Kf4 Qe1 50. Qd8+ Kh7 51. Qd3 Qf2+ 52. Ke5
Qb6 53. Kd5 Kg8 54. Qc3 Qe6+ 55. Kc5 Qc8+ 56. Kd4 Qf5 57. Qe3 Qc2 58. Kd5 Qc8
59. Kd6 Qb7 60. Qe8+ Kh7 61. Qb5 Qa7 62. Kc6 Kg8 63. Qb6 Qa8+ 64. Kb5 Qd5+ 65.
Ka6 Qa8+ 66. Kb5 Qd5+ 67. Ka6 Kh7 68. Qxa5 Qxb3 69. Qb5 Qxg3 70. a5 Qxh4 71.
Ka7 Qe7+ 72. Kb8 Qd8+ 73. Kb7 Qe7+ 74. Kb8 Qd6+ 75. Kb7 h4 76. a6 Qe7+ 77. Kb8
Qd8+ 78. Kb7 Qe7+ 79. Kb8 h3 80. Qd3 Qe5+ 81. Kb7 h2 82. Qh3+ Qh5 0-1

[Event "12. Int. Neckar-Open A-Open"]
[Site "Deizisau, Germany"]
[Date "2008.03.22"]
[Round "4.8"]
[White "Chatalbashev, Boris"]
[Black "Gourlay, Iain"]
[Result "1/2-1/2"]
[WhiteElo "2585"]
[BlackElo "2362"]
[PlyCount "97"]
[EventDate "2008.??.??"]

1. d4 Nf6 2. c4 g6 3. Nc3 Bg7 4. e4 d6 5. Bd3 O-O 6. Nge2 Nc6 7. O-O e5 8. d5
Nd4 9. Nxd4 exd4 10. Ne2 Re8 11. f3 Nd7 12. Bf4 a5 13. Qd2 Nc5 14. Rad1 f5 15.
Bg5 Qd7 16. exf5 Nxd3 17. f6 Nxb2 18. Qxb2 h6 19. fxg7 hxg5 20. Nxd4 Qxg7 21.
Qd2 Re5 22. Rb1 b6 23. Nc6 Re8 24. Qxg5 Bd7 25. Rfe1 Bxc6 26. dxc6 Qd4+ 27. Kh1
Kf7 28. h4 Qxc4 29. h5 gxh5 30. Qxh5+ Kf8 31. Re4 Rxe4 32. fxe4 Kg7 33. Qg4+
Kf7 34. Qd7+ Kg6 35. Qg4+ Kf7 36. Qf4+ Kg7 37. Qg5+ Kf7 38. Qh6 Rg8 39. Qh7+
Rg7 40. Qf5+ Kg8 41. Qc8+ Kh7 42. Re1 Qxc6 43. Qh3+ Kg8 44. Qc8+ Kh7 45. Qf5+
Kg8 46. Qe6+ Kh8 47. Qc8+ Kh7 48. Qh3+ Kg8 49. Qc8+ 1/2-1/2

[Event "12. Int. Neckar-Open A-Open"]
[Site "Deizisau, Germany"]
[Date "2008.03.22"]
[Round "4.10"]
[White "Naumann, Alexander"]
[Black "Lammers, Markus"]
[Result "1/2-1/2"]
[WhiteElo "2541"]
[BlackElo "2371"]
[PlyCount "39"]
[EventDate "2008.??.??"]

1. d4 Nf6 2. c4 c5 3. Nf3 cxd4 4. Nxd4 Nc6 5. Nc3 d6 6. Nc2 g6 7. e4 Bg7 8. Be2
O-O 9. O-O a6 10. Kh1 Rb8 11. f3 Nd7 12. Bd2 Nc5 13. Rb1 f5 14. b4 Ne6 15. exf5
gxf5 16. Nd5 b5 17. Be3 f4 18. Bf2 Kh8 19. c5 Rf5 20. cxd6 1/2-1/2

[Event "12. Int. Neckar-Open A-Open"]
[Site "Deizisau, Germany"]
[Date "2008.03.22"]
[Round "4.9"]
[White "Gonzalez Garcia, Jose"]
[Black "Tereick, Benjamin"]
[Result "1-0"]
[WhiteElo "2549"]
[BlackElo "2372"]
[PlyCount "75"]
[EventDate "2008.??.??"]

1. d4 e6 2. Nf3 c5 3. e4 cxd4 4. Nxd4 Nf6 5. Nc3 Nc6 6. Ndb5 d6 7. Bf4 e5 8.
Bg5 a6 9. Na3 Be6 10. Nc4 Rc8 11. Bxf6 Qxf6 12. Nb6 Rb8 13. Ncd5 Qd8 14. c3 Be7
15. a4 O-O 16. a5 Bg5 17. b4 g6 18. Bc4 Kh8 19. O-O f5 20. exf5 Bxf5 21. f3 Bh6
22. Bd3 e4 23. Bxe4 Bxe4 24. fxe4 Rxf1+ 25. Qxf1 Bg7 26. Nc4 Qd7 27. Qd3 Ne5
28. Nxe5 Bxe5 29. Rf1 Kg7 30. Rf3 Re8 31. Nb6 Qc6 32. Nd5 Qd7 33. Qe3 Qc6 34.
Qf2 Qd7 35. Rh3 Kg8 36. Qh4 Bg7 37. Qf4 Be5 38. Qxe5 1-0

[Event "12. Int. Neckar-Open A-Open"]
[Site "Deizisau, Germany"]
[Date "2008.03.22"]
[Round "4.11"]
[White "Bindrich, Falko"]
[Black "Karner, Christoph"]
[Result "1-0"]
[WhiteElo "2497"]
[BlackElo "2356"]
[PlyCount "173"]
[EventDate "2008.??.??"]

1. Nf3 Nf6 2. d4 g6 3. Bg5 Bg7 4. Nbd2 c5 5. e3 b6 6. Bd3 Bb7 7. c3 d6 8. Qe2
O-O 9. h4 cxd4 10. exd4 e5 11. dxe5 dxe5 12. O-O-O Nbd7 13. Ne4 Qc7 14. Nxf6+
Bxf6 15. Bb5 Rad8 16. Bxd7 Bxf3 17. gxf3 Bxg5+ 18. hxg5 Rxd7 19. Rxd7 Qxd7 20.
Qxe5 Rd8 21. Qf4 Qd3 22. a3 Rd5 23. Qb8+ Kg7 24. Qh2 Qd2+ 25. Kb1 Rxg5 26.
Qxh7+ Kf8 27. Qh8+ Ke7 28. Qb8 Rb5 29. Qc7+ Kf8 30. Qc8+ Ke7 31. Qb7+ Kf8 32.
Qa8+ Ke7 33. Qe4+ Kd6 34. Qc2 Qxc2+ 35. Kxc2 Rf5 36. Rd1+ Kc6 37. Rd3 b5 38. b4
a6 39. Kb3 Rh5 40. Re3 Rh2 41. Re7 f5 42. Re6+ Kb7 43. Rxg6 Rxf2 44. Rg3 Rf1
45. Rh3 Kc6 46. a4 bxa4+ 47. Kxa4 Kd5 48. Kb3 Rb1+ 49. Kc2 Rf1 50. Rh6 a5 51.
bxa5 Rxf3 52. a6 Rf1 53. Kb2 Rf2+ 54. Kb3 Rf1 55. Rh5 Kc6 56. Kb4 Kb6 57. Rh6+
Ka7 58. c4 f4 59. Rf6 f3 60. Kb5 Rb1+ 61. Kc5 Rf1 62. Kd5 Rd1+ 63. Kc6 Rf1 64.
Rf8 Rc1 65. c5 Rc3 66. Rf4 Re3 67. Rf8 Ra3 68. Kc7 Rc3 69. Kc6 Ra3 70. Kd7 Rd3+
71. Kc7 Rc3 72. c6 Kxa6 73. Kd7 Rd3+ 74. Kc8 Rc3 75. c7 Kb6 76. Rf6+ Ka7 77.
Rf7 Rd3 78. Rf4 Rc3 79. Rf5 Kb6 80. Rf6+ Ka7 81. Rf4 Kb6 82. Rb4+ Ka6 83. Kb8
f2 84. Rf4 Rb3+ 85. Ka8 Rc3 86. Rf6+ Kb5 87. Kb8 1-0

[Event "12. Int. Neckar-Open A-Open"]
[Site "Deizisau, Germany"]
[Date "2008.03.22"]
[Round "4.12"]
[White "Manakov, Ilya"]
[Black "Lanka, Zigurds"]
[Result "0-1"]
[WhiteElo "2475"]
[BlackElo "2372"]
[PlyCount "80"]
[EventDate "2008.??.??"]

1. Nf3 Nf6 2. c4 g6 3. Nc3 Bg7 4. e4 d6 5. d4 O-O 6. h3 e5 7. d5 a5 8. Bg5 Na6
9. Nd2 c6 10. Be2 Bd7 11. O-O Kh8 12. a3 Qc7 13. Rb1 Ng8 14. Kh1 Rae8 15. b4
axb4 16. axb4 c5 17. bxc5 Nxc5 18. Nb3 b6 19. Nxc5 bxc5 20. Nb5 Bxb5 21. Rxb5
f5 22. exf5 gxf5 23. Bh5 Rb8 24. Rxb8 Rxb8 25. f4 e4 26. g4 Qa5 27. gxf5 Qc3
28. Qg4 Qxc4 29. Rg1 Qxd5 30. Bd8 e3+ 31. Rg2 Qxg2+ 32. Kxg2 Rxd8 33. Bf7 Bd4
34. Kf3 Nf6 35. Qg2 Rb8 36. Qa2 d5 37. Bxd5 e2 38. Qxe2 Nxd5 39. Qe6 Rb3+ 40.
Kg2 Nxf4+ 0-1

[Event "12. Int. Neckar-Open A-Open"]
[Site "Deizisau, Germany"]
[Date "2008.03.22"]
[Round "4.13"]
[White "Brandenburg, Daan"]
[Black "Hirneise, Tobias"]
[Result "1/2-1/2"]
[WhiteElo "2475"]
[BlackElo "2324"]
[PlyCount "54"]
[EventDate "2008.??.??"]

1. e4 c5 2. Nf3 e6 3. c3 Nf6 4. e5 Nd5 5. Bc4 d6 6. d4 cxd4 7. cxd4 Nc6 8. O-O
Be7 9. Qe2 O-O 10. Qe4 Bd7 11. Bd3 f5 12. exf6 Nxf6 13. Qe2 Qa5 14. Nc3 Qh5 15.
Bf4 Qg4 16. Be3 Rac8 17. a3 Na5 18. d5 e5 19. h3 Qh5 20. Bxa7 Rxc3 21. bxc3
Nxd5 22. Nd2 Qh4 23. Bc4 Nxc4 24. Qxc4 Qxc4 25. Nxc4 Bb5 26. Ne3 Nxe3 27. Bxe3
Bxf1 1/2-1/2

[Event "12. Int. Neckar-Open A-Open"]
[Site "Deizisau, Germany"]
[Date "2008.03.22"]
[Round "4.15"]
[White "Frübing, Stefan"]
[Black "Djuric, Stefan"]
[Result "1/2-1/2"]
[WhiteElo "2313"]
[BlackElo "2448"]
[PlyCount "119"]
[EventDate "2008.??.??"]

1. e4 c6 2. d4 d5 3. Nc3 dxe4 4. Nxe4 Bf5 5. Ng3 Bg6 6. h4 h6 7. Nf3 Nd7 8. h5
Bh7 9. Bd3 Ngf6 10. Bxh7 Nxh7 11. Qd3 Qb6 12. Qb3 e6 13. Ne4 Nhf6 14. Nxf6+
Nxf6 15. Bf4 Be7 16. O-O-O O-O 17. Ne5 Nd5 18. Bg3 Rfd8 19. Kb1 Qxb3 20. axb3
a5 21. c3 a4 22. Kc2 Bd6 23. Bh4 f6 24. Nd3 axb3+ 25. Kxb3 Ra5 26. Ra1 Rb5+ 27.
Kc2 Nf4 28. Nxf4 Bxf4 29. g3 Bg5 30. Rae1 Kf7 31. f4 Bxh4 32. Rxh4 c5 33. dxc5
Rxc5 34. Rd1 Rxd1 35. Kxd1 Ra5 36. Kc2 Ra1 37. f5 exf5 38. Rb4 Rg1 39. Rxb7+
Ke6 40. Rxg7 f4 41. Kd3 fxg3 42. Ke3 Ke5 43. Kf3 Rf1+ 44. Kg2 Rf2+ 45. Kxg3
Rxb2 46. Rg6 Rc2 47. Rxh6 Rxc3+ 48. Kf2 Rc8 49. Rh7 Kf4 50. Ra7 Rh8 51. Ra4+
Kg5 52. Ra5+ f5 53. Kf3 Rxh5 54. Ra4 Rh3+ 55. Kf2 Rb3 56. Rc4 Ra3 57. Rb4 f4
58. Rb8 Kg4 59. Rg8+ Kf5 60. Rf8+ 1/2-1/2